[Event "DVM U14 2023"]
[Site "Magdeburg GER"]
[Date "2023.12.29"]
[Round "6"]
[White "Goldmann, David"]
[Black "Klein, Levent"]
[Result "1-0"]
[Termination "normal"]
[Board "7.1"]
[WhiteElo "1925"]
[BlackElo "1735"]
[WhiteClock "01:28:01"]
[BlackClock "00:29:43"]
[WhiteTeam "Hamburger SK 1830"]
[BlackTeam "SG Kaiserslautern 1905"]
[PlyCount "159"]
[WhiteFideId "16268920"]
[BlackFideId "34611274"]
[EventCountry "GER"]
[EventRounds "7"]
[EventType "team-swiss"]
[EventDate "2023.12.26"]

1. c4 {[%clk 01:30:52]} {[%emt 00:00:08]} c6 {[%clk 01:30:29]} {[%emt
00:00:32]} 2. Nc3 {[%clk 01:31:17]} {[%emt 00:00:07]} d5 {[%clk 01:29:51]}
{[%emt 00:01:05]} 3. cxd5 {[%clk 01:31:24]} {[%emt 00:00:23]} cxd5 {[%clk
01:30:16]} {[%emt 00:00:05]} 4. d4 {[%clk 01:31:53]} {[%emt 00:00:02]} Nf6
{[%clk 01:29:58]} {[%emt 00:00:48]} 5. Bg5 {[%clk 01:31:18]} {[%emt 00:01:04]}
e6 {[%clk 01:29:40]} {[%emt 00:00:48]} 6. e3 {[%clk 01:30:13]} {[%emt
00:01:34]} Be7 {[%clk 01:28:17]} {[%emt 00:01:52]} 7. Bd3 {[%clk 01:29:12]}
{[%emt 00:01:32]} Nc6 {[%clk 01:28:23]} {[%emt 00:00:23]} 8. a3 {[%clk
01:29:42]} {[%emt 00:00:02]} h6 {[%clk 01:28:34]} {[%emt 00:00:19]} 9. Bf4
{[%clk 01:30:04]} {[%emt 00:00:07]} O-O {[%clk 01:24:48]} {[%emt 00:04:17]} 10.
Nge2 {[%clk 01:29:39]} {[%emt 00:00:54]} a6 {[%clk 01:23:42]} {[%emt 00:01:36]}
11. O-O {[%emt 00:00:13]} Bd6 {[%clk 01:22:39]} {[%emt 00:01:31]} 12. Bxd6
{[%clk 01:28:43]} {[%emt 00:01:45]} Qxd6 {[%clk 01:22:58]} {[%emt 00:00:11]}
13. f4 {[%clk 01:29:04]} {[%emt 00:00:10]} b5 {[%clk 01:22:13]} {[%emt
00:01:15]} 14. Ng3 {[%clk 01:28:47]} {[%emt 00:00:47]} Bb7 {[%clk 01:21:37]}
{[%emt 00:01:03]} 15. Nh5 {[%clk 01:28:57]} {[%emt 00:00:22]} Qe7 {[%clk
00:50:48]} {[%emt 00:31:19]} 16. f5 {[%clk 01:21:17]} {[%emt 00:08:09]} exf5
{[%clk 00:44:44]} {[%emt 00:06:35]} 17. Nxf6+ {[%clk 01:21:16]} {[%emt
00:00:31]} Qxf6 {[%clk 00:45:02]} {[%emt 00:00:11]} 18. Rxf5 {[%clk 01:21:11]}
{[%emt 00:00:36]} Qe6 {[%clk 00:45:14]} {[%emt 00:00:18]} 19. Qf3 {[%clk
01:21:27]} {[%emt 00:00:13]} Rfe8 {[%clk 00:33:08]} {[%emt 00:12:37]} 20. Kf2
{[%clk 01:20:58]} {[%emt 00:00:59]} Rad8 {[%clk 00:32:19]} {[%emt 00:01:18]}
21. Ne2 {[%clk 01:19:21]} {[%emt 00:02:08]} Qd7 {[%clk 00:23:23]} {[%emt
00:09:24]} 22. Nf4 {[%clk 01:16:07]} {[%emt 00:03:46]} Na5 {[%clk 00:17:10]}
{[%emt 00:06:43]} 23. Qg3 {[%clk 01:13:55]} {[%emt 00:02:42]} Qd6 {[%clk
00:14:31]} {[%emt 00:03:09]} 24. Nh5 {[%clk 01:07:05]} {[%emt 00:07:21]} Qxg3+
{[%clk 00:14:43]} {[%emt 00:00:17]} 25. Nxg3 {[%clk 01:07:30]} {[%emt
00:00:04]} Nc4 {[%clk 00:14:23]} {[%emt 00:00:51]} 26. Bxc4 {[%clk 01:07:59]}
{[%emt 00:00:02]} bxc4 {[%emt 00:03:24]} 27. Ne2 {[%clk 01:05:30]} Bc6 {[%clk
00:09:34]} {[%emt 00:05:21]} 28. Nc3 {[%clk 01:05:56]} {[%emt 00:00:05]} Re7
{[%clk 00:09:35]} {[%emt 00:00:29]} 29. Rb1 {[%clk 01:03:40]} {[%emt 00:02:46]}
f6 {[%clk 00:08:27]} {[%emt 00:01:38]} 30. b3 {[%clk 01:03:18]} {[%emt
00:00:52]} Rb7 {[%clk 00:07:03]} {[%emt 00:01:47]} 31. bxc4 {[%clk 01:02:21]}
{[%emt 00:01:35]} Rxb1 {[%clk 00:06:51]} {[%emt 00:00:41]} 32. Nxb1 {[%clk
01:02:51]} dxc4 {[%clk 00:05:45]} {[%emt 00:01:35]} 33. Rc5 {[%clk 01:02:55]}
{[%emt 00:00:27]} Bb5 {[%clk 00:04:46]} {[%emt 00:01:30]} 34. Nc3 {[%clk
01:03:01]} {[%emt 00:00:24]} Rb8 {[%clk 00:04:29]} {[%emt 00:00:46]} 35. a4
{[%clk 01:00:39]} {[%emt 00:02:52]} Be8 {[%clk 00:03:43]} {[%emt 00:01:14]} 36.
Rxc4 {[%clk 01:01:01]} {[%emt 00:00:09]} Rb2+ {[%clk 00:04:07]} {[%emt
00:00:05]} 37. Kg3 {[%clk 00:57:30]} {[%emt 00:04:02]} Rc2 {[%clk 00:04:01]}
{[%emt 00:00:35]} 38. Rc5 {[%clk 00:56:25]} {[%emt 00:01:35]} Kf7 {[%clk
00:03:41]} {[%emt 00:00:50]} 39. a5 {[%clk 00:51:17]} {[%emt 00:05:37]} g5
{[%clk 00:00:46]} {[%emt 00:03:26]} 40. Ne4 {[%clk 00:51:20]} {[%emt 00:00:26]}
Rxc5 {[%clk 00:00:44]} {[%emt 00:00:34]} 41. Nxc5 {[%clk 00:51:27]} {[%emt
00:00:23]} Bb5 {[%clk 00:01:03]} {[%emt 00:00:09]} 42. Kf3 {[%clk 00:51:01]}
{[%emt 00:00:58]} f5 {[%clk 00:29:01]} {[%emt 00:02:32]} 43. g3 {[%clk
01:20:51]} {[%emt 00:00:40]} Kf6 {[%clk 00:28:41]} {[%emt 00:00:49]} 44. e4
{[%emt 00:01:00]} Bc6 {[%clk 00:27:20]} {[%emt 00:01:49]} 45. d5 {[%clk
01:18:44]} {[%emt 00:02:10]} Bb5 {[%clk 00:27:32]} {[%emt 00:00:18]} 46. d6
{[%clk 01:19:11]} {[%emt 00:00:02]} Bc6 {[%clk 00:27:16]} {[%emt 00:00:46]} 47.
Ke3 {[%clk 01:18:22]} {[%emt 00:01:19]} fxe4 {[%clk 00:27:37]} {[%emt
00:00:10]} 48. Nxa6 {[%clk 01:18:44]} {[%emt 00:00:08]} Ke6 {[%clk 00:27:03]}
{[%emt 00:01:03]} 49. d7 {[%clk 01:18:35]} {[%emt 00:00:40]} Ke7 {[%clk
00:26:46]} {[%emt 00:00:47]} 50. Nc5 {[%clk 01:18:50]} {[%emt 00:00:14]} Ba8
{[%clk 00:26:47]} {[%emt 00:00:27]} 51. h4 {[%clk 01:18:47]} {[%emt 00:00:35]}
gxh4 {[%clk 00:26:25]} {[%emt 00:00:52]} 52. gxh4 {[%clk 01:19:13]} {[%emt
00:00:05]} Bc6 {[%clk 00:26:30]} {[%emt 00:00:24]} 53. h5 {[%clk 01:19:05]}
{[%emt 00:00:38]} Ba8 {[%clk 00:26:52]} {[%emt 00:00:07]} 54. Na4 {[%clk
01:18:57]} {[%emt 00:00:37]} Bc6 {[%clk 00:26:27]} {[%emt 00:00:52]} 55. Nb6
{[%clk 01:19:22]} {[%emt 00:00:09]} Bb7 {[%clk 00:26:30]} {[%emt 00:00:26]} 56.
Kf4 {[%clk 01:19:38]} {[%emt 00:00:16]} Kd8 {[%emt 00:00:40]} 57. Na4 {[%clk
01:19:41]} Ke7 {[%clk 00:26:29]} {[%emt 00:00:46]} 58. Nc5 {[%clk 01:20:07]}
{[%emt 00:00:04]} Bc6 {[%clk 00:26:23]} {[%emt 00:00:32]} 59. a6 {[%clk
01:20:37]} Ba8 {[%clk 00:26:19]} {[%emt 00:00:20]} 60. a7 {[%clk 01:20:54]}
{[%emt 00:00:31]} Kd8 {[%clk 00:25:24]} {[%emt 00:01:25]} 61. Na4 {[%clk
01:21:13]} {[%emt 00:00:12]} Bc6 {[%clk 00:24:40]} {[%emt 00:01:11]} 62. Nb6
{[%clk 01:21:41]} {[%emt 00:00:04]} Kc7 {[%clk 00:24:30]} {[%emt 00:00:35]} 63.
a8=Q {[%clk 01:21:56]} {[%emt 00:00:20]} Bxa8 {[%clk 00:24:54]} {[%emt
00:00:06]} 64. Nxa8+ {[%clk 01:22:24]} {[%emt 00:00:02]} Kxd7 {[%clk 00:25:12]}
{[%emt 00:00:12]} 65. Kxe4 {[%clk 01:22:52]} {[%emt 00:00:01]} Ke6 {[%clk
00:25:26]} {[%emt 00:00:16]} 66. Kf4 {[%clk 01:23:21]} {[%emt 00:00:02]} Kf6
{[%clk 00:25:42]} {[%emt 00:00:14]} 67. Nc7 {[%clk 01:23:49]} {[%emt 00:00:01]}
Kg7 {[%clk 00:25:51]} {[%emt 00:00:21]} 68. Kf5 {[%clk 01:24:18]} {[%emt
00:00:02]} Kf7 {[%clk 00:26:05]} {[%emt 00:00:16]} 69. Nd5 {[%clk 01:24:20]}
{[%emt 00:00:27]} Kg7 {[%clk 00:26:26]} {[%emt 00:00:09]} 70. Ke6 {[%clk
01:24:41]} {[%emt 00:00:09]} Kh8 {[%clk 00:26:35]} {[%emt 00:00:21]} 71. Kf6
{[%clk 01:25:05]} {[%emt 00:00:06]} Kh7 {[%clk 00:26:59]} {[%emt 00:00:07]} 72.
Kf7 {[%clk 01:25:33]} Kh8 {[%clk 00:27:21]} {[%emt 00:00:09]} 73. Kg6 {[%clk
01:26:02]} Kg8 {[%clk 00:27:41]} {[%emt 00:00:10]} 74. Kxh6 {[%clk 01:26:19]}
{[%emt 00:00:13]} Kh8 {[%clk 00:28:06]} {[%emt 00:00:05]} 75. Kg6 {[%clk
01:26:42]} {[%emt 00:00:06]} Kg8 {[%clk 00:28:23]} {[%emt 00:00:13]} 76. h6
{[%clk 01:27:02]} {[%emt 00:00:10]} Kh8 {[%clk 00:28:48]} {[%emt 00:00:05]} 77.
Nc7 {[%clk 01:26:39]} {[%emt 00:00:53]} Kg8 {[%clk 00:29:04]} {[%emt 00:00:14]}
78. Ne8 {[%clk 01:27:08]} {[%emt 00:00:01]} Kh8 {[%clk 00:29:25]} {[%emt
00:00:09]} 79. Nd6 {[%clk 01:27:33]} {[%emt 00:00:05]} Kg8 {[%clk 00:29:43]}
{[%emt 00:00:13]} 80. h7+ {[%clk 01:28:01]} {[%emt 00:00:03]} 1-0

[Event "DVM U14 2023"]
[Site "Magdeburg GER"]
[Date "2023.12.29"]
[Round "6"]
[White "Steinbrenner, Peter"]
[Black "Lu, Yunong Elias"]
[Result "1/2-1/2"]
[Termination "normal"]
[Board "7.2"]
[WhiteElo "1698"]
[BlackElo "1809"]
[WhiteClock "00:33:47"]
[BlackClock "00:35:36"]
[WhiteTeam "SG Kaiserslautern 1905"]
[BlackTeam "Hamburger SK 1830"]
[PlyCount "74"]
[WhiteFideId "34645535"]
[BlackFideId "16276426"]
[EventCountry "GER"]
[EventRounds "7"]
[EventType "team-swiss"]
[EventDate "2023.12.26"]

1. e4 {[%clk 01:30:53]} {[%emt 00:00:06]} c6 {[%clk 01:30:53]} {[%emt
00:00:07]} 2. Nc3 {[%clk 01:31:20]} {[%emt 00:00:04]} d5 {[%clk 01:31:15]}
{[%emt 00:00:08]} 3. Nf3 {[%clk 01:31:46]} {[%emt 00:00:04]} dxe4 {[%clk
01:31:33]} {[%emt 00:00:11]} 4. Nxe4 {[%clk 01:32:11]} {[%emt 00:00:06]} Nf6
{[%clk 01:31:52]} {[%emt 00:00:10]} 5. Ng3 {[%clk 01:32:36]} {[%emt 00:00:05]}
g6 {[%clk 01:30:28]} {[%emt 00:01:54]} 6. d4 {[%clk 01:32:49]} {[%emt
00:00:17]} Bg7 {[%clk 01:30:49]} {[%emt 00:00:09]} 7. Be2 {[%clk 01:33:01]}
{[%emt 00:00:18]} h5 {[%clk 01:30:54]} {[%emt 00:00:24]} 8. h4 {[%clk
01:32:08]} {[%emt 00:01:23]} Nbd7 {[%clk 01:30:46]} {[%emt 00:00:38]} 9. c3
{[%clk 01:29:43]} {[%emt 00:02:56]} Qc7 {[%clk 01:29:29]} {[%emt 00:01:46]} 10.
Bg5 {[%clk 01:28:12]} {[%emt 00:02:00]} Nf8 {[%clk 01:28:31]} {[%emt 00:01:28]}
11. Bxf6 {[%clk 01:20:50]} {[%emt 00:07:52]} exf6 {[%clk 01:27:04]} {[%emt
00:01:58]} 12. O-O {[%clk 01:17:39]} {[%emt 00:03:41]} Ne6 {[%clk 01:24:15]}
{[%emt 00:03:18]} 13. Bc4 {[%clk 01:15:49]} {[%emt 00:02:20]} O-O {[%clk
01:24:33]} {[%emt 00:00:11]} 14. Qc2 {[%clk 01:15:13]} {[%emt 00:01:06]} Nf4
{[%clk 01:22:28]} {[%emt 00:02:36]} 15. Rae1 {[%clk 01:11:53]} {[%emt
00:03:48]} b5 {[%clk 01:19:54]} {[%emt 00:03:06]} 16. Bb3 {[%clk 01:11:59]}
{[%emt 00:00:23]} c5 {[%clk 01:19:10]} {[%emt 00:01:15]} 17. dxc5 {[%clk
01:11:36]} {[%emt 00:00:54]} Bb7 {[%clk 01:18:26]} {[%emt 00:01:13]} 18. Ne4
{[%clk 01:05:35]} {[%emt 00:06:31]} f5 {[%clk 01:17:34]} {[%emt 00:01:22]} 19.
Neg5 {[%clk 01:04:47]} {[%emt 00:01:17]} Qxc5 {[%clk 01:17:41]} {[%emt
00:00:24]} 20. Rd1 {[%clk 01:04:14]} {[%emt 00:01:00]} Nd5 {[%clk 01:15:00]}
{[%emt 00:03:14]} 21. Nd4 {[%clk 00:57:34]} {[%emt 00:07:10]} Bxd4 {[%clk
01:03:41]} {[%emt 00:11:49]} 22. Rxd4 {[%clk 00:57:43]} {[%emt 00:00:21]} Nf6
{[%clk 01:03:26]} {[%emt 00:00:45]} 23. Rfd1 {[%clk 00:54:21]} {[%emt
00:03:51]} Rae8 {[%clk 01:02:45]} {[%emt 00:01:11]} 24. Qd2 {[%clk 00:45:29]}
{[%emt 00:09:23]} Qc6 {[%clk 01:01:26]} {[%emt 00:01:48]} 25. f3 {[%clk
00:44:12]} {[%emt 00:01:48]} Qc5 {[%clk 01:00:06]} {[%emt 00:01:50]} 26. Qf2
{[%clk 00:42:21]} {[%emt 00:02:16]} Qe5 {[%clk 00:52:19]} {[%emt 00:08:16]} 27.
Rd6 {[%clk 00:36:38]} {[%emt 00:06:19]} Kg7 {[%clk 00:36:41]} {[%emt 00:16:07]}
28. Qd4 {[%clk 00:33:55]} {[%emt 00:03:10]} Qxd4+ {[%clk 00:35:36]} {[%emt
00:01:38]} 29. R1xd4 {[%clk 00:33:47]} Re7 {[%clk 00:35:36]} 30. Rxf6 {[%clk
00:33:47]} Kxf6 {[%clk 00:35:36]} 31. Nh7+ {[%clk 00:33:47]} Kg7 {[%clk
00:35:36]} 32. Nxf8 {[%clk 00:33:47]} Kxf8 {[%clk 00:35:36]} 33. Kf2 {[%clk
00:33:47]} Kg7 {[%clk 00:35:36]} 34. Rd6 {[%clk 00:33:47]} Bc8 {[%clk
00:35:36]} 35. Rc6 {[%clk 00:33:47]} Bb7 {[%clk 00:35:36]} 36. Rd6 {[%clk
00:33:47]} Bc8 {[%clk 00:35:36]} 37. Rc6 {[%clk 00:33:47]} Bb7 {[%clk
00:35:36]} 1/2-1/2

[Event "DVM U14 2023"]
[Site "Magdeburg GER"]
[Date "2023.12.29"]
[Round "6"]
[White "Dorendorf, Mika"]
[Black "Klein, Deniz"]
[Result "1/2-1/2"]
[Termination "normal"]
[Board "7.3"]
[WhiteElo "1698"]
[BlackElo "1612"]
[WhiteClock "01:21:10"]
[BlackClock "00:19:07"]
[WhiteTeam "Hamburger SK 1830"]
[BlackTeam "SG Kaiserslautern 1905"]
[PlyCount "51"]
[WhiteFideId "16283066"]
[BlackFideId "34611282"]
[EventCountry "GER"]
[EventRounds "7"]
[EventType "team-swiss"]
[EventDate "2023.12.26"]

1. d4 {[%clk 01:30:57]} {[%emt 00:00:01]} Nf6 {[%clk 01:30:55]} {[%emt
00:00:07]} 2. c4 {[%clk 01:31:24]} {[%emt 00:00:02]} e6 {[%clk 01:31:21]}
{[%emt 00:00:04]} 3. Nc3 {[%clk 01:31:52]} {[%emt 00:00:04]} Bb4 {[%clk
01:31:42]} {[%emt 00:00:07]} 4. e3 {[%clk 01:32:17]} {[%emt 00:00:05]} O-O
{[%clk 01:31:52]} {[%emt 00:00:19]} 5. Bd2 {[%clk 01:32:46]} c5 {[%clk
01:32:08]} {[%emt 00:00:14]} 6. Nf3 {[%clk 01:33:13]} {[%emt 00:00:04]} b6
{[%clk 01:32:14]} {[%emt 00:00:23]} 7. Bd3 {[%clk 01:33:16]} {[%emt 00:00:28]}
Bb7 {[%clk 01:32:20]} {[%emt 00:00:24]} 8. a3 {[%clk 01:33:13]} {[%emt
00:00:33]} Bxc3 {[%clk 01:32:41]} {[%emt 00:00:08]} 9. Bxc3 {[%clk 01:33:42]}
{[%emt 00:00:02]} d6 {[%clk 01:32:03]} {[%emt 00:01:08]} 10. O-O {[%clk
01:33:50]} {[%emt 00:00:22]} Nbd7 {[%clk 01:31:55]} {[%emt 00:00:37]} 11. b4
{[%clk 01:33:20]} {[%emt 00:01:00]} Rc8 {[%clk 01:30:26]} {[%emt 00:01:58]} 12.
dxc5 {[%clk 01:33:35]} {[%emt 00:00:16]} dxc5 {[%clk 01:29:55]} {[%emt
00:01:01]} 13. b5 {[%clk 01:33:00]} {[%emt 00:01:06]} Qc7 {[%clk 01:19:56]}
{[%emt 00:10:28]} 14. Qe2 {[%clk 01:30:15]} {[%emt 00:03:16]} Rfd8 {[%clk
01:12:27]} {[%emt 00:07:58]} 15. Rfd1 {[%clk 01:30:09]} {[%emt 00:00:37]} Ne4
{[%clk 00:57:13]} {[%emt 00:15:44]} 16. Bb2 {[%clk 01:29:54]} {[%emt 00:00:45]}
Ndf6 {[%clk 00:54:00]} {[%emt 00:03:42]} 17. Nd2 {[%clk 01:28:39]} {[%emt
00:01:45]} Nxd2 {[%emt 00:08:36]} 18. Rxd2 {[%clk 01:28:34]} {[%emt 00:00:23]}
Qe7 {[%clk 00:38:31]} {[%emt 00:08:04]} 19. Rad1 {[%clk 01:27:58]} {[%emt
00:01:07]} a6 {[%clk 00:29:56]} {[%emt 00:09:05]} 20. a4 {[%clk 01:27:48]}
{[%emt 00:00:41]} axb5 {[%clk 00:30:02]} {[%emt 00:00:24]} 21. axb5 {[%clk
01:28:13]} {[%emt 00:00:05]} Ra8 {[%clk 00:29:18]} {[%emt 00:01:13]} 22. h3
{[%clk 01:27:35]} {[%emt 00:01:09]} h6 {[%clk 00:27:19]} {[%emt 00:02:28]} 23.
Bc2 {[%clk 01:26:51]} {[%emt 00:01:14]} Rxd2 {[%clk 00:27:22]} {[%emt
00:00:28]} 24. Qxd2 {[%clk 01:26:20]} {[%emt 00:01:01]} Ne8 {[%clk 00:20:14]}
{[%emt 00:07:37]} 25. Qd3 {[%clk 01:25:20]} {[%emt 00:01:30]} f5 {[%clk
00:19:07]} {[%emt 00:01:37]} 26. Qd7 {[%clk 01:21:10]} {[%emt 00:04:40]}
1/2-1/2

[Event "DVM U14 2023"]
[Site "Magdeburg GER"]
[Date "2023.12.29"]
[Round "6"]
[White "Hahn, Julian"]
[Black "Borgert, Alexander"]
[Result "1-0"]
[Termination "normal"]
[Board "7.4"]
[WhiteElo "1516"]
[BlackElo "1509"]
[WhiteClock "01:03:32"]
[BlackClock "01:19:49"]
[WhiteTeam "SG Kaiserslautern 1905"]
[BlackTeam "Hamburger SK 1830"]
[PlyCount "49"]
[WhiteFideId "34640436"]
[BlackFideId "16289188"]
[EventCountry "GER"]
[EventRounds "7"]
[EventType "team-swiss"]
[EventDate "2023.12.26"]

1. e4 {[%clk 01:30:57]} {[%emt 00:00:02]} c5 {[%clk 01:30:56]} {[%emt
00:00:04]} 2. c3 {[%clk 01:31:24]} {[%emt 00:00:04]} e5 {[%clk 01:31:07]}
{[%emt 00:00:17]} 3. Nf3 {[%clk 01:31:05]} {[%emt 00:00:49]} Nc6 {[%clk
01:31:13]} {[%emt 00:00:25]} 4. d4 {[%clk 01:30:40]} {[%emt 00:00:56]} cxd4
{[%clk 01:31:18]} {[%emt 00:00:25]} 5. cxd4 {[%clk 01:31:03]} {[%emt 00:00:07]}
exd4 {[%clk 01:31:37]} {[%emt 00:00:11]} 6. Nxd4 {[%clk 01:31:13]} {[%emt
00:00:19]} Nf6 {[%clk 01:31:44]} {[%emt 00:00:22]} 7. Nc3 {[%clk 01:31:10]}
{[%emt 00:00:34]} Bb4 {[%clk 01:31:22]} {[%emt 00:00:51]} 8. Nxc6 {[%clk
01:28:34]} {[%emt 00:03:07]} bxc6 {[%clk 01:28:08]} {[%emt 00:03:44]} 9. Bd3
{[%clk 01:27:58]} {[%emt 00:01:05]} Qc7 {[%clk 01:26:07]} {[%emt 00:02:31]} 10.
Bg5 {[%clk 01:23:57]} {[%emt 00:04:32]} Bxc3+ {[%clk 01:23:38]} {[%emt
00:02:58]} 11. bxc3 {[%clk 01:24:11]} {[%emt 00:00:18]} Qe5 {[%clk 01:22:21]}
{[%emt 00:01:44]} 12. Bxf6 {[%clk 01:23:34]} {[%emt 00:01:09]} Qxf6 {[%clk
01:21:49]} {[%emt 00:01:01]} 13. Qc2 {[%clk 01:22:51]} {[%emt 00:01:13]} a5
{[%clk 01:21:07]} {[%emt 00:01:09]} 14. O-O {[%clk 01:22:21]} {[%emt 00:01:04]}
Ba6 {[%clk 01:20:24]} {[%emt 00:01:13]} 15. e5 {[%clk 01:19:19]} {[%emt
00:03:32]} Bxd3 {[%clk 01:18:50]} {[%emt 00:02:04]} 16. Qxd3 {[%clk 01:19:43]}
{[%emt 00:00:06]} Qe6 {[%clk 01:18:49]} {[%emt 00:00:30]} 17. Rfd1 {[%clk
01:10:59]} {[%emt 00:09:14]} O-O {[%clk 01:18:50]} {[%emt 00:00:29]} 18. Qxd7
{[%clk 01:09:43]} {[%emt 00:01:46]} Qxe5 {[%clk 01:18:57]} {[%emt 00:00:23]}
19. Qxc6 {[%clk 01:09:04]} {[%emt 00:01:09]} Rfc8 {[%clk 01:18:58]} {[%emt
00:00:29]} 20. Qf3 {[%clk 01:04:14]} {[%emt 00:05:19]} Qxc3 {[%clk 01:18:56]}
{[%emt 00:00:32]} 21. Rd8+ {[%clk 01:04:20]} {[%emt 00:00:25]} Rxd8 {[%clk
01:18:55]} {[%emt 00:00:31]} 22. Qxc3 {[%clk 01:04:46]} {[%emt 00:00:05]} Rd5
{[%clk 01:19:15]} {[%emt 00:00:09]} 23. Rc1 {[%clk 01:03:45]} {[%emt 00:01:30]}
Rad8 {[%clk 01:19:31]} {[%emt 00:00:14]} 24. f3 {[%clk 01:03:15]} {[%emt
00:01:01]} Rd3 {[%clk 01:19:49]} {[%emt 00:00:12]} 25. Qxd3 {[%clk 01:03:32]}
{[%emt 00:00:13]} 1-0

[Event "DVM U14 2023"]
[Site "Magdeburg GER"]
[Date "2023.12.29"]
[Round "6"]
[White "Zhang, Yibo"]
[Black "Uyar, Levin"]
[Result "1/2-1/2"]
[Termination "normal"]
[Board "8.1"]
[WhiteElo "1791"]
[BlackElo "1784"]
[WhiteClock "00:03:55"]
[BlackClock "00:05:46"]
[WhiteTeam "SV Stuttgart-Wolfbusch 1956"]
[BlackTeam "SC Untergrombach 46"]
[PlyCount "71"]
[WhiteFideId "16287657"]
[BlackFideId "16282108"]
[EventCountry "GER"]
[EventRounds "7"]
[EventType "team-swiss"]
[EventDate "2023.12.26"]

1. e4 {[%clk 01:30:50]} {[%emt 00:00:10]} e5 {[%clk 01:30:51]} {[%emt
00:00:09]} 2. Nf3 {[%clk 01:31:00]} {[%emt 00:00:23]} Nc6 {[%clk 01:31:14]}
{[%emt 00:00:04]} 3. d4 {[%clk 01:31:26]} {[%emt 00:00:05]} exd4 {[%clk
01:31:38]} {[%emt 00:00:06]} 4. Nxd4 {[%clk 01:31:52]} {[%emt 00:00:04]} Nf6
{[%clk 01:31:43]} {[%emt 00:00:24]} 5. Nxc6 {[%clk 01:32:04]} {[%emt 00:00:18]}
bxc6 {[%clk 01:32:07]} {[%emt 00:00:06]} 6. e5 {[%clk 01:32:31]} {[%emt
00:00:03]} Qe7 {[%clk 01:32:25]} {[%emt 00:00:11]} 7. Qe2 {[%clk 01:32:51]}
{[%emt 00:00:09]} Nd5 {[%clk 01:32:48]} {[%emt 00:00:08]} 8. c4 {[%clk
01:33:16]} {[%emt 00:00:06]} Ba6 {[%clk 01:33:09]} {[%emt 00:00:07]} 9. b3
{[%clk 01:33:19]} {[%emt 00:00:28]} g6 {[%clk 01:33:28]} {[%emt 00:00:11]} 10.
g3 {[%clk 01:30:46]} {[%emt 00:03:03]} Bg7 {[%clk 01:32:37]} {[%emt 00:01:21]}
11. f4 {[%clk 01:30:14]} {[%emt 00:01:02]} O-O {[%clk 01:27:45]} {[%emt
00:05:21]} 12. Ba3 {[%clk 01:28:18]} {[%emt 00:02:26]} Nb4 {[%clk 01:07:04]}
{[%emt 00:21:11]} 13. Bh3 {[%clk 00:49:31]} {[%emt 00:39:18]} f6 {[%clk
00:47:59]} {[%emt 00:19:34]} 14. O-O {[%clk 00:40:23]} {[%emt 00:09:38]} fxe5
{[%clk 00:40:42]} {[%emt 00:07:47]} 15. Nd2 {[%clk 00:24:35]} {[%emt 00:16:18]}
c5 {[%clk 00:36:50]} {[%emt 00:04:22]} 16. Bxb4 {[%clk 00:20:51]} {[%emt
00:04:14]} cxb4 {[%clk 00:36:14]} {[%emt 00:01:06]} 17. Rae1 {[%clk 00:19:24]}
{[%emt 00:01:57]} Qc5+ {[%clk 00:30:29]} {[%emt 00:06:15]} 18. Kh1 {[%clk
00:10:33]} {[%emt 00:09:22]} Bb7+ {[%clk 00:28:30]} {[%emt 00:02:28]} 19. Bg2
{[%clk 00:10:53]} {[%emt 00:00:11]} Bxg2+ {[%clk 00:27:56]} {[%emt 00:01:03]}
20. Qxg2 {[%clk 00:10:49]} {[%emt 00:00:35]} Rae8 {[%clk 00:21:46]} {[%emt
00:06:39]} 21. fxe5 {[%clk 00:10:15]} {[%emt 00:01:05]} Rxf1+ {[%clk 00:20:06]}
{[%emt 00:02:10]} 22. Rxf1 {[%clk 00:10:09]} {[%emt 00:00:37]} Qxe5 {[%clk
00:16:22]} {[%emt 00:04:13]} 23. Qf3 {[%clk 00:07:44]} {[%emt 00:02:54]} Rf8
{[%clk 00:13:33]} {[%emt 00:03:19]} 24. Qd5+ {[%clk 00:06:25]} {[%emt
00:01:50]} Qxd5+ {[%clk 00:13:02]} {[%emt 00:01:00]} 25. cxd5 {[%clk 00:06:50]}
{[%emt 00:00:05]} Rxf1+ {[%clk 00:12:51]} {[%emt 00:00:42]} 26. Nxf1 {[%clk
00:06:49]} {[%emt 00:00:32]} Kf7 {[%clk 00:11:19]} {[%emt 00:02:01]} 27. Ne3
{[%clk 00:06:01]} {[%emt 00:01:18]} Ke7 {[%clk 00:08:09]} {[%emt 00:03:39]} 28.
Nc4 {[%clk 00:06:02]} {[%emt 00:00:29]} c6 {[%clk 00:07:55]} {[%emt 00:00:43]}
29. dxc6 {[%clk 00:06:06]} {[%emt 00:00:26]} dxc6 {[%clk 00:07:40]} {[%emt
00:00:46]} 30. Kg2 {[%clk 00:06:24]} {[%emt 00:00:13]} Ke6 {[%clk 00:07:51]}
{[%emt 00:00:18]} 31. Kf3 {[%clk 00:05:51]} {[%emt 00:01:03]} Kd5 {[%clk
00:07:46]} {[%emt 00:00:34]} 32. Ke3 {[%clk 00:05:52]} {[%emt 00:00:31]} Be5
{[%clk 00:07:04]} {[%emt 00:01:12]} 33. Kd3 {[%clk 00:03:45]} {[%emt 00:02:37]}
Bd4 {[%clk 00:06:27]} {[%emt 00:01:06]} 34. Nd2 {[%clk 00:03:46]} {[%emt
00:00:29]} Bf6 {[%clk 00:05:32]} {[%emt 00:01:26]} 35. Ne4 {[%clk 00:03:55]}
{[%emt 00:00:21]} Be7 {[%clk 00:05:46]} {[%emt 00:00:16]} 36. Nd2 {[%emt
00:02:24]} 1/2-1/2